| 000 | 00344pab a2200145 454500 | ||
|---|---|---|---|
| 008 | 180718b1991 xxu||||| |||| 00| 0 eng d | ||
| 100 | _aSatyanarayana, K. | ||
| 245 |
_aCapital adequacy _bNorms for sound banking |
||
| 260 | _c1991 | ||
| 300 | _a138-50 | ||
| 362 | _aMar. | ||
| 650 | _aBanks - India | ||
| 773 | _aMonthly Review | ||
| 909 | _a4352 | ||
| 999 |
_c4352 _d4352 |
||